Những chuyện kể về đạo đức Hồ Chí Minh
Gồm những câu chuyện sinh động về tấm gương đạo đức của Chủ tịch Hồ Chí Minh
Shranjeno v:
| Glavni avtor: | |
|---|---|
| Format: | Knjiga |
| Jezik: | Undetermined |
| Izdano: |
Hà Nội
Chính trị Quốc gia
2009
|
| Teme: | |
| Oznake: |
Označite
Brez oznak, prvi označite!
|
| Thư viện lưu trữ: | Trung tâm Học liệu Trường Đại học Cần Thơ |
|---|
| LEADER | 00798nam a2200229Ia 4500 | ||
|---|---|---|---|
| 001 | CTU_153787 | ||
| 008 | 210402s9999 xx 000 0 und d | ||
| 020 | |c 32000 | ||
| 082 | |a 324.2075092 | ||
| 082 | |b Y603 | ||
| 100 | |a Tạ, Hữu Yên | ||
| 245 | 0 | |a Những chuyện kể về đạo đức Hồ Chí Minh | |
| 245 | 0 | |c Tạ Hữu Yên | |
| 260 | |a Hà Nội | ||
| 260 | |b Chính trị Quốc gia | ||
| 260 | |c 2009 | ||
| 520 | |a Gồm những câu chuyện sinh động về tấm gương đạo đức của Chủ tịch Hồ Chí Minh | ||
| 650 | |a Communists,Ho Chi Minh,Tư tưởng Hồ Chí Minh | ||
| 650 | |x Biography | ||
| 650 | |z Vietnam | ||
| 904 | |i Nguyên | ||
| 980 | |a Trung tâm Học liệu Trường Đại học Cần Thơ | ||